[Event "Rilton Cup 33rd"]
[Site "Stockholm"]
[Date "2004.01.05"]
[Round "9"]
[White "Estegard, Thomas"]
[Black "Lindberg, Henrik"]
[Result "1/2-1/2"]
[WhiteElo "2105"]
[BlackElo "2208"]
[PlyCount "145"]
[EventDate "2003.12.27"]
[EventType "swiss"]
[EventRounds "9"]
[EventCountry "SWE"]
[SourceTitle "CBM 097 Extra"]
[Source "ChessBase"]
[SourceDate "2004.01.13"]
[SourceVersion "1"]
[SourceVersionDate "2004.01.13"]
[SourceQuality "1"]

1. e4 c5 2. Nf3 Nc6 3. d4 cxd4 4. Nxd4 g6 5. Nc3 Bg7 6. Nb3 Nf6 7. Be2 0-0 8. Be3 d6 9. f4 Be6 10. g4 Na5 11. g5 Nd7 12. Qd2 Nc4 13. Bxc4 Bxc4 14. h4 Qc7 15. h5 Rfc8 16. hxg6 hxg6 17. 0-0-0 Bxb3 18. axb3 Qa5 19. Kb1 Rc6 20. Nd5 Qxd2 21. Rxd2 Kf8 22. Rdh2 Rac8 23. Bxa7 e6 24. Nb6 Rxb6 25. Rh8+ Bxh8 26. Rxh8+ Ke7 27. Rxc8 Rb4 28. Rc4 Rxc4 29. bxc4 b6 30. b4 Kd8 31. e5 dxe5 32. fxe5 Kc7 33. c5 b5 34. c4 Kc6 35. Kc2 Nxe5 36. cxb5+ Kxb5 37. Bb8 Nc6 38. Bd6 Nxb4+ 39. Kc3 Nc6 40. Kd3 Kb4 41. Ke4 Kc4 42. Bf8 Kc3 43. Ke3 Kc4 44. Ke4 Kb5 45. Bd6 Kc4 46. Bf8 Kb5 47. Bd6 Ka6 48. Bf8 Kb7 49. Bd6 Kc8 50. Bf8 Nb8 51. Bd6 Nc6 52. Bg3 Kd7 53. Bh2 Ke7 54. Bd6+ Ke8 55. Kd3 Kd8 56. Ke4 Kd7 57. Bf8 Kc7 58. Bd6+ Kb7 59. Bf8 Nb8 60. Kd3 Nd7 61. Bd6 f5 62. gxf6 Nxf6 63. Be7 Nd7 64. Ke4 Kc6 65. Kf4 Kd5 66. Kg5 Ne5 67. Kf6 Nd7+ 68. Kxg6 Nxc5 69. Kg5 e5 70. Kg4 e4 71. Kf4 Nd3+ 72. Ke3 Ne5 73. Bd8 1/2-1/2

[Event "Rilton Cup 33rd"]
[Site "Stockholm"]
[Date "2003.12.30"]
[Round "4"]
[White "Estegard, Thomas"]
[Black "Franssila, Tommi"]
[Result "0-1"]
[WhiteElo "2105"]
[BlackElo "2273"]
[PlyCount "98"]
[EventDate "2003.12.27"]
[EventType "swiss"]
[EventRounds "9"]
[EventCountry "SWE"]
[SourceTitle "CBM 097 Extra"]
[Source "ChessBase"]
[SourceDate "2004.01.13"]
[SourceVersion "1"]
[SourceVersionDate "2004.01.13"]
[SourceQuality "1"]

1. d4 d5 2. c4 Nc6 3. Nc3 dxc4 4. d5 Ne5 5. Nf3 Nxf3+ 6. exf3 e6 7. Bxc4 c6 8. dxc6 Qxd1+ 9. Kxd1 bxc6 10. Be3 Nf6 11. Ke2 Nd5 12. Rac1 Be7 13. Rhd1 0-0 14. Bd4 Rd8 15. Ne4 h5 16. g3 Nb6 17. Bb3 Ba6+ 18. Ke1 Bb4+ 19. Bc3 c5 20. Rxd8+ Rxd8 21. Rd1 Rxd1+ 22. Kxd1 Bb7 23. Ke2 a5 24. Bc2 f5 25. Nd2 Bd5 26. Bb3 Bxc3 27. bxc3 a4 28. Bxd5 exd5 29. Kd3 Kf7 30. f4 Ke6 31. Nf1 Nc4 32. h3 Nd6 33. f3 g6 34. g4 fxg4 35. fxg4 Ne4 36. Nd2 Nf2+ 37. Ke3 Nxh3 38. gxh5 gxh5 39. c4 d4+ 40. Ke4 Nf2+ 41. Kf3 Nd3 42. Ne4 a3 43. Ng3 Nb4 44. Ne4 Nxa2 45. Nxc5+ Kf5 46. Nb3 d3 47. c5 Nb4 48. Nd4+ Kf6 49. Nb3 h4 0-1